Tivat Airport Destinations (Tivat, Montenegro) - Map - Statistics

General Stats
  • This quiz has been taken 31 times
  • The average score is 45 of 48
Answers on the Map
Answers color-coded by a green-red scale on the quiz's map according to % correct below.
 
Answer Stats
Destination % Correct
Amsterdam
100%
Barcelona
100%
Belgrade
100%
Berlin
100%
Frankfurt
100%
Helsinki
100%
Istanbul
100%
London (Gatwick)
100%
London (Heathrow)
100%
London (Luton)
100%
London (Stansted)
100%
Luxembourg
100%
Madrid
100%
Manchester
100%
Munich
100%
Oslo
100%
Paris (Orly)
100%
Prague
100%
Riga
100%
Stockholm (Arlanda)
100%
Vienna
100%
Warsaw (Chopin)
100%
Zürich
100%
Baku
96%
Birmingham
96%
Brussels
96%
Copenhagen
96%
Düsseldorf
96%
Gdansk
96%
Geneva
96%
Stuttgart
96%
Tallinn
96%
Tel Aviv
96%
Bristol
93%
Chișinău
93%
Dubai (International)
93%
İzmir
93%
Kuwait City
93%
Vilnius
93%
Yerevan
93%
Brno
89%
Ljubljana
89%
Salzburg
89%
Katowice
86%
Tashkent
86%
Niš
79%
Rzeszów
46%
Kraljevo
25%
No matching quizzes found
Score Distribution
Percent of People with Each Score
Percentile by Number Answered
Your Score History
You have not taken this quiz